Central Library OPAC University of Rajshahi

রাজশাহীর সংক্ষিপ্ত ইতিহাস / (Record no. 37938)

MARC details
000 -LEADER
fixed length control field 00837nam a22002177a 4500
001 - CONTROL NUMBER
control field 37938
003 - CONTROL NUMBER IDENTIFIER
rucl marc code BD-RjUL
005 - DATE AND TIME OF LATEST TRANSACTION
control field 20211209052707.0
008 - FIXED-LENGTH DATA ELEMENTS--GENERAL INFORMATION
fixed length control field 150813s1901 ii ||||| |||| 00| 0 ben d
035 ## - SYSTEM CONTROL NUMBER
System control number (BD-RjUL)38043
040 ## - CATALOGING SOURCE
Original cataloging agency BD-RjUL
Language of cataloging eng
Transcribing agency BD-RjUL
041 ## - LANGUAGE CODE
Language code of text/sound track or separate title eng
082 ## - DEWEY DECIMAL CLASSIFICATION NUMBER
Classification number 954.924
Author mark and year CHR 1901
100 ## - MAIN ENTRY--PERSONAL NAME
Personal name চৌধুরী, কালীনাথ
9 (RLIN) 117531
245 ## - TITLE STATEMENT
Title রাজশাহীর সংক্ষিপ্ত ইতিহাস /
Statement of responsibility, etc. কালীনাথ চৌধুরী
260 ## - PUBLICATION, DISTRIBUTION, ETC. (IMPRINT)
Place of publication, distribution, etc. হুগলী :
Name of publisher, distributor, etc. র‌্যাঘু কালীনাথ চোধুরী,
Date of publication, distribution, etc. ১৯০১
300 ## - PHYSICAL DESCRIPTION
Pagination ৩৪৬ পৃ.;
Size ২১ সেমি.
651 ## - SUBJECT ADDED ENTRY--GEOGRAPHIC NAME
Geographic name বাংলাদেশ
Geographic subdivision রাজশাহী
General subdivision ইতিহাস
9 (RLIN) 234961
Geographic name Bangladesh
Geographic subdivision Rajshahi
General subdivision History
9 (RLIN) 234962
942 ## - ADDED ENTRY ELEMENTS (KOHA)
Source of classification or shelving scheme Dewey Decimal Classification
Koha item type Books
Holdings
Lost status Source of classification or shelving scheme Damaged status Not for loan Collection code Permanent Location Current Location Shelving location Date acquired Total Checkouts Full call number Date last seen Date checked out Copy number Koha item type Source of acquisition Cost, normal purchase price
  Dewey Decimal Classification     Non-fiction Central Library, University of Rajshahi Central Library, University of Rajshahi Rare Book Section 12/12/2012 8 BRA 954.924 CHR 1901 21/10/2025 08/10/2025 C-2 Rare Books    
  Dewey Decimal Classification     Non-fiction Central Library, University of Rajshahi Central Library, University of Rajshahi   24/12/2012 2 B 954.924 CHR 1901 15/04/2025 13/04/2025 C-3 Books ফটোকপি রা.বি. গ্রান্থাগার  
  Dewey Decimal Classification     Non-fiction Central Library, University of Rajshahi Central Library, University of Rajshahi   14/11/1984 2 B 954.924 CHR 1901 31/07/2018 25/06/2018 C-4 Books RUCL 0.00
  Dewey Decimal Classification   Not For Loan   Central Library, University of Rajshahi Central Library, University of Rajshahi Reading Room 17/11/2019   B 954.924 CHR 1901 17/11/2019   C-1 Books RUCL